logo

Bir Sreshtho Munshi Abdur Rouf Library
Jhenaidah Cadet College

Deception point / (Record no. 10961)

MARC details
000 -LEADER
fixed length control field 00872nam a2200301 a 4500
001 - CONTROL NUMBER
control field 10961
003 - CONTROL NUMBER IDENTIFIER
control field BD-JhCC
005 - DATE AND TIME OF LATEST TRANSACTION
control field 20221013134022.0
008 - FIXED-LENGTH DATA ELEMENTS--GENERAL INFORMATION
fixed length control field 190608s2001 nyu 000 1 eng
010 ## - LIBRARY OF CONGRESS CONTROL NUMBER
LC control number 2001036629
020 ## - INTERNATIONAL STANDARD BOOK NUMBER
International Standard Book Number 0671027379
040 ## - CATALOGING SOURCE
Original cataloging agency DLC
Transcribing agency DLC
Modifying agency DLC
Language of cataloging BD-JhCC
050 00 - LIBRARY OF CONGRESS CALL NUMBER
Classification number PS3552.R685434
Item number D4 2001
082 00 - DEWEY DECIMAL CLASSIFICATION NUMBER
Classification number 813/.54
Edition number 21
Item number BRO 2001
100 1# - MAIN ENTRY--PERSONAL NAME
Personal name Brown, Dan,
Dates associated with a name 1964-
245 10 - TITLE STATEMENT
Title Deception point /
Statement of responsibility, etc. Dan Brown.
260 ## - PUBLICATION, DISTRIBUTION, ETC.
Place of publication, distribution, etc. New York :
Name of publisher, distributor, etc. Pocket Books,
Date of publication, distribution, etc. c2001.
300 ## - PHYSICAL DESCRIPTION
Extent 585 p. ;
Dimensions 19 cm.
650 #0 - SUBJECT ADDED ENTRY--TOPICAL TERM
Topical term or geographic name entry element Americans
Geographic subdivision Arctic regions
Form subdivision Fiction.
650 #0 - SUBJECT ADDED ENTRY--TOPICAL TERM
Topical term or geographic name entry element Presidents
General subdivision Election
Form subdivision Fiction.
650 #0 - SUBJECT ADDED ENTRY--TOPICAL TERM
Topical term or geographic name entry element Conspiracies
Form subdivision Fiction.
650 #0 - SUBJECT ADDED ENTRY--TOPICAL TERM
Topical term or geographic name entry element Scientists
Form subdivision Fiction.
650 #0 - SUBJECT ADDED ENTRY--TOPICAL TERM
Topical term or geographic name entry element Meteors
Form subdivision Fiction.
651 #0 - SUBJECT ADDED ENTRY--GEOGRAPHIC NAME
Geographic name Arctic regions
Form subdivision Fiction.
655 #7 - INDEX TERM--GENRE/FORM
Genre/form data or focus term Political fiction.
Source of term lcsh
655 #7 - INDEX TERM--GENRE/FORM
Genre/form data or focus term Suspense fiction.
Source of term gsafd
942 ## - ADDED ENTRY ELEMENTS (KOHA)
Source of classification or shelving scheme Dewey Decimal Classification
Koha item type Books
Koha issues (borrowed), all copies 21
Holdings
Withdrawn status Lost status Source of classification or shelving scheme Damaged status Not for loan Home library Current library Shelving location Date acquired Cost, normal purchase price Total Checkouts Full call number Barcode Date last seen Date last checked out Copy number Price effective from Koha item type
    Dewey Decimal Classification     JCC Rouf Library JCC Rouf Library General Stacks 06/08/2019 500.00 16 813.54 BRO 2001 15116 09/04/2025 08/19/2025 C-1 07/08/2019 Books
    Dewey Decimal Classification     JCC Rouf Library JCC Rouf Library General Stacks 07/28/2020   6 813/.54 BRO 2001 15975 09/09/2024 08/29/2024 C-2 07/28/2020 Books
    Dewey Decimal Classification     JCC Rouf Library JCC Rouf Library General Stacks 05/06/2023   5 813/.54 BRO 2001 17609 09/18/2024 08/29/2024 C-3 05/06/2023 Books

JCC Library | Contacts | JCC Home

Last Update on 23 September 2017
Copyright @ 2017-2020 JCC Rouf Library
Rouf Library, Jhenidah Cadet College (JCC), Bangladesh